000 00352cam a2200145ua 4500
003 OSt
005 20260221151239.0
008 260221b |||||||| |||| 00| 0 eng d
041 _aeng
082 _a671.25
_bMAC/DI
245 _aDie casting dies, Part 3
260 _aLondon :
_bMachinery Publishing Co Ltd. ,
_c1974.
300 _a64 ; .
942 _cBK
999 _c6248
_d6248